<?xml version="1.0" encoding="UTF-8"?><?xml-stylesheet type="text/xsl" href="static/style.xsl"?><OAI-PMH xmlns="http://www.openarchives.org/OAI/2.0/" xmlns:xsi="http://www.w3.org/2001/XMLSchema-instance" xsi:schemaLocation="http://www.openarchives.org/OAI/2.0/ http://www.openarchives.org/OAI/2.0/OAI-PMH.xsd"><responseDate>2026-04-17T17:33:26Z</responseDate><request verb="GetRecord" identifier="oai:www.recercat.cat:2072/226976" metadataPrefix="marc">https://recercat.cat/oai/request</request><GetRecord><record><header><identifier>oai:recercat.cat:2072/226976</identifier><datestamp>2024-12-21T03:47:58Z</datestamp><setSpec>com_2072_220028</setSpec><setSpec>com_2072_4427</setSpec><setSpec>col_2072_220407</setSpec></header><metadata><record xmlns="http://www.loc.gov/MARC21/slim" xmlns:dcterms="http://purl.org/dc/terms/" xmlns:xsi="http://www.w3.org/2001/XMLSchema-instance" xmlns:doc="http://www.lyncode.com/xoai" xsi:schemaLocation="http://www.loc.gov/MARC21/slim http://www.loc.gov/standards/marcxml/schema/MARC21slim.xsd">
   <leader>00925njm 22002777a 4500</leader>
   <datafield ind2=" " ind1=" " tag="042">
      <subfield code="a">dc</subfield>
   </datafield>
   <datafield ind2=" " ind1=" " tag="720">
      <subfield code="a">Muñoz i Sebastià, Joan Hilari</subfield>
      <subfield code="e">author</subfield>
   </datafield>
   <datafield ind2=" " ind1=" " tag="720">
      <subfield code="a">López Vilar, Jordi</subfield>
      <subfield code="e">author</subfield>
   </datafield>
   <datafield ind2=" " ind1=" " tag="260">
      <subfield code="c">2011</subfield>
   </datafield>
   <datafield ind2=" " ind1=" " tag="520">
      <subfield code="a">El present treball se centra en l’estudi d’un fragment de mosaic, inèdit fins ara, provinent d’una estança calefactada que representa dues sandàlies. És un dels materials recollits per l’arquitecte Joan Abril l’any 1910 a la vil·la romana de Barrugat (Bítem, Tortosa) mentre s’estava construint el Canal de l’Esquerra de l’Ebre. Actualment es conserva al Museu de Tortosa.</subfield>
   </datafield>
   <datafield ind2=" " ind1=" " tag="520">
      <subfield code="a">This paper studies a mosaic fragment, so far unpublished, originally obtained from a heated room, representing two sandals. It is part of the material collected in 1910 in the Roman villa of Barrugat (Bítem, Tortosa) while the Left Ebro Canal was on construction. Nowadays it is preserved in the Tortosa Museum.</subfield>
   </datafield>
   <datafield ind1="8" ind2=" " tag="024">
      <subfield code="a">Muñoz, J.-H.; López Vilar, J. (2011) «Nou mosaic amb representació de soleae balneares, procedent de la vil·la romana de Barrugat (Bítem-Tortosa)» Butlletí Arqueològic, 33, 135-149</subfield>
   </datafield>
   <datafield ind1="8" ind2=" " tag="024">
      <subfield code="a">http://hdl.handle.net/2072/226976</subfield>
   </datafield>
   <datafield ind2="0" ind1="0" tag="245">
      <subfield code="a">Nou mosaic amb representació de Soleae Balneares, procedent de la vil·la romana de Barrugat (Bítem, Tortosa)</subfield>
   </datafield>
</record></metadata></record></GetRecord></OAI-PMH>